000 01482nam a2200181 a 4500
008 130926s2007 ag ||||g |||| 00| 0aspa d
020 _a9789875662902
092 _c617.092
_l24
_sFAV
100 1 _aFavaloro, René G.
_92612
245 _aDe La Pampa a los Estados Unidos /
_cRené G. Favaloro
250 _a2a ed.
260 _aBuenos Aires:
_bDeBolsillo;
_c2007.
300 _a189 p.
500 _aFavaloro, R. G. (2007). De la pampa a los Estados Unidos. (2a ed.). Buenos Aires : DeBolsillo.
505 _aLa vida de los hombres oculta razones, decisiones y matices que sólo los protagonistas de esas vidas conocen a fondo. El testimonio del doctor Favaloro permite a los lectores adentrarse en una vida apasionante, tanto por las convicciones que la alientan como por los abundantes episodios anecdóticos que ayudan a entenderla. La carrera profesional del médico argentino que viajó a Estados Unidos para perfeccionarse y logró convertirse en un cirujano eminente está aquí junto a las profundas reflexiones de un hombre cuyos múltiples intereses provocan curiosidad, admiración y respeto. Nada lo humano fue ajeno para quien eligió el oficio de mejorar la vida. El empeño vocacional a través del paso de los años, la especialización y sus vínculos con la vida cotidiana, las obligaciones y el exilio, la libertad y el arraigo son temas que De La Pampa a los Estados Unidos aborda con deslumbrante lucidez.
655 _aAutobiografia
_93567
942 _2ddc
_cBK
999 _c1682
_d1682